| 000 | 01748cam a22004814i 4500 | ||
|---|---|---|---|
| 003 | PE-LiUPU | ||
| 005 | 20250731172825.0 | ||
| 008 | 150617s r 000 0 d | ||
| 035 | _a(Sirsi) a15059 | ||
| 040 |
_aPE-LiUPU _bspa _cPE-LiUPU _erda |
||
| 049 | _aPRUA | ||
| 082 | 0 | 4 |
_a262.5 _bA34 _221 |
| 245 | 0 | 3 |
_aLa recepción del Vaticano II / _ceditado por G. Alberigo y J. P. Jossua. |
| 264 | 1 |
_aMadrid : _bEdiciones Cristiandad, _c1987. |
|
| 300 |
_a413 páginas ; _c20 cm |
||
| 336 |
_atext _2rdacontent |
||
| 337 |
_aunmediated _2rdamedia |
||
| 338 |
_avolume _2rdacarrier |
||
| 490 | 0 |
_aSenda abierta ; _v11 |
|
| 504 | _aNotas bibliográficas al pie de páginas. | ||
| 505 | 0 | _aContextos de la recepción. -Lo esencial en el concilio y en la recepción. -Intentos fallidos en el concilio y renovados en la recepción. -Exigencias conciliares no secundadas en la recepción. -Posturas negativas ante el vaticano II. | |
| 526 | _aSEG42 | ||
| 526 | _aSEG41 | ||
| 526 | _aSEG40 | ||
| 526 | _aSEG39 | ||
| 526 | _aP94 | ||
| 526 | _aP87 | ||
| 526 | _aP86 | ||
| 526 | _aP85 | ||
| 526 | _aP77 | ||
| 526 | _aP76 | ||
| 526 | _aP35 | ||
| 650 | 0 | 4 | _aConcilio Vaticano (2º. 1962-1965). |
| 700 | 1 |
_aAlberigo, G., _eeditor. |
|
| 700 | 1 |
_aJossua, J. P., _eeditor. |
|
| 910 |
_ajck _bjvq _cjck _d20150616 |
||
| 942 |
_2ddc _cBOOK |
||
| 949 |
_a262.5 A34 _wDEWEY _c1 _i28691 _lCCODEBUL1 _mBUL _p00.00 _r0 _sY _tBOOK _u2015-04-21 _xTEOLOGIA _PP35 _0COMPRA _o.STAFF. Colección General |
||
| 994 |
_aC0 _bPEPRU |
||
| 596 | _a1 | ||
| 999 |
_a262.5 A34 _wDEWEY _c5605 _i28691 _f2021-11-12 _g5 _lCCODEBUL1 _mBUL _r0 _sY _tBOOK _u2015-4-21 _xTEOLOGIA _PP35 _0COMPRA _o.STAFF. Colección General _d5605 |
||
| 980 |
_81 _gALBERTO SANCHEZ Responsable de Automatización |
||